Mecánica para ingenieros : estática
| Main Author: | |
|---|---|
| Format: | Section = Libro |
| Language: | Undetermined Spanish |
| Published: |
México
CECSA
1995
|
| Edition: | 3a.ed. |
| Subjects: |
| LEADER | 00615nam a2200229Ia 4500 | ||
|---|---|---|---|
| 008 | 240829s9999 xx 000 0 und d | ||
| 020 | |a 968-26-1233-0 | ||
| 040 | |a BIBLIOTECA-RUSB/ 620.103 H624 | ||
| 041 | |a spa | ||
| 082 | |a 620.103 H624 | ||
| 100 | 1 | |a Hibbeler, Russel C. | |
| 245 | 1 | 0 | |a Mecánica para ingenieros : estática |
| 250 | |a 3a.ed. | ||
| 260 | |a México |b CECSA |c 1995 | ||
| 300 | |a 594 p. :il. | ||
| 650 | 7 | |a ESTATICA - MECANICA VECTORIAL | |
| 650 | 7 | |b VECTORES - FUERZA | |
| 650 | 7 | |c EQUILIBRIO - PARTICULA | |
| 650 | 7 | |d EQUILIBRIO CUERPO RIGIDO | |
| 942 | |c BK |2 ddc | ||
| 991 | |a TEXTO | ||
| 999 | |c 2717 | ||